000 00279nam a22001217a 4500
008 180605b xxu||||| |||| 00| 0 eng d
041 _aeng
080 _a043.3
100 _a0
101 _aARK-BA
245 _aObjekt Banimi - Shtepi Individuale
_cKrasniqi, A
942 _2udc
_cBK
999 _c46341
_d46341